Rwanda : 2021 Article IV Consultation and Fifth Review Under the Policy Coordination Instrument-Press Release; Staff Report; and Statement by the Executive Director for Rwanda.

Rwanda's medium-term outlook is positive, supported by the authorities' large policy package to respond to the evolving COVID-19 pandemic and their continued commitment to the PCI in a challenging environment. Economic recovery is underway with easing of restrictions supported by faster va...

Disgrifiad llawn

Manylion Llyfryddiaeth
Awdur Corfforaethol: International Monetary Fund. African Dept
Fformat: Cylchgrawn
Iaith:English
Cyhoeddwyd: Washington, D.C. : International Monetary Fund, 2022.
Cyfres:IMF Staff Country Reports; Country Report ; No. 2022/007
Pynciau:
Mynediad Ar-lein:Full text available on IMF
LEADER 02150cas a2200289 a 4500
001 AALejournalIMF022307
008 230101c9999 xx r poo 0 0eng d
020 |c 5.00 USD 
020 |z 9781616359287 
022 |a 1934-7685 
040 |a BD-DhAAL  |c BD-DhAAL 
110 2 |a International Monetary Fund.  |b African Dept. 
245 1 0 |a Rwanda :   |b 2021 Article IV Consultation and Fifth Review Under the Policy Coordination Instrument-Press Release; Staff Report; and Statement by the Executive Director for Rwanda. 
264 1 |a Washington, D.C. :  |b International Monetary Fund,  |c 2022. 
300 |a 1 online resource (121 pages) 
490 1 |a IMF Staff Country Reports 
500 |a <strong>Off-Campus Access:</strong> No User ID or Password Required 
500 |a <strong>On-Campus Access:</strong> No User ID or Password Required 
506 |a Electronic access restricted to authorized BRAC University faculty, staff and students 
520 3 |a Rwanda's medium-term outlook is positive, supported by the authorities' large policy package to respond to the evolving COVID-19 pandemic and their continued commitment to the PCI in a challenging environment. Economic recovery is underway with easing of restrictions supported by faster vaccination rates since July. GDP growth is projected at 10.2 percent in 2021 and inflation remained subdued. But Rwanda's remarkable economic and social progress over the last two decades faces a significant setback, with poverty, unemployment, and gender inequalities on the rise. These pandemic scars, if not addressed, risk reversing hard-won economic and social gains. With a large share of the population still unvaccinated and the emergence of new variants, risks to the outlook remain elevated. 
538 |a Mode of access: Internet 
650 7 |a International Agreements and Observance  |2 imf 
650 7 |a International Organizations  |2 imf 
650 7 |a Monetary Policy  |2 imf 
651 7 |a Seychelles  |2 imf 
830 0 |a IMF Staff Country Reports; Country Report ;  |v No. 2022/007 
856 4 0 |z Full text available on IMF  |u http://elibrary.imf.org/view/journals/002/2022/007/002.2022.issue-007-en.xml  |z IMF e-Library